000 00749nam a22002537a 4500
001 24537
003 UA-OsUOA
005 20200425223812.0
007 ta
008 20040220b un ||||| |||| 00| 0 ukr d
020 _a966-574-331-7
040 _aUA-OsUOA
_bukr
_cUA-OsUOA
_dUA-OsUOA
041 _aukr
044 _aUA
080 _a339.72(075.8)
090 _a339.72(075.8)
_bМ58
245 _aМіжнародні розрахунки та валютні операції
_bнавчальний посібник
_cред. М. І. Савлук
260 _aКиїв
_bКНЕУ
_c2002
300 _a392 с.
650 7 _2UDC
942 _cBK
_2udc
955 _a2
999 _c310814
_d310814